[Event "BL 9091 München 36-Bamberg"]
[Site "?"]
[Date "1990.??.??"]
[Round "?.1"]
[White "Pfleger, He"]
[Black "Smejkal, J."]
[Result "1/2-1/2"]
[WhiteElo "2495"]
[BlackElo "2545"]
[PlyCount "29"]
[EventDate "1990.??.??"]

1. Nf3 Nf6 2. g3 d5 3. Bg2 c6 4. d3 Bg4 5. Nbd2 Nbd7 6. c4 e6 7. O-O Bd6 8. b3
O-O 9. Bb2 Qe7 10. Qc2 Rfe8 11. e4 dxe4 12. dxe4 Bxf3 13. Bxf3 Be5 14. Bxe5
Nxe5 15. Be2 1/2-1/2

[Event "BL 9091 München 36-Bamberg"]
[Site "?"]
[Date "1990.??.??"]
[Round "?.2"]
[White "Ftacnik, L."]
[Black "Womacka, M."]
[Result "1/2-1/2"]
[WhiteElo "2550"]
[BlackElo "2415"]
[PlyCount "94"]
[EventDate "1990.??.??"]

1. d4 Nf6 2. Nf3 e6 3. c4 c5 4. d5 exd5 5. cxd5 d6 6. Nc3 g6 7. Nd2 Bg7 8. e4
O-O 9. Be2 Re8 10. O-O Nbd7 11. a4 Ne5 12. Re1 g5 13. Bb5 Re7 14. Nf1 h6 15.
Ng3 Ng6 16. Bd2 Ng4 17. h3 N4e5 18. Nh5 Bh8 19. f4 gxf4 20. Nxf4 a6 21. Bf1 Kh7
22. Nh5 Re8 23. g3 Nh4 24. Re3 Qg5 25. Kh1 Nhf3 26. Rxf3 Qxh5 27. Rf4 Qg6 28.
Rh4 Qxg3 29. Rxh6+ Kg8 30. Qe1 Qxe1 31. Bxe1 Ng6 32. Bd2 Re5 33. Be2 Bg7 34.
Rh5 Rxh5 35. Bxh5 Bxh3 36. Rg1 Kh7 37. Rg3 Bd7 38. Bxg6+ fxg6 39. Bf4 Be5 40.
Bxe5 dxe5 41. a5 Kh6 42. Nb1 Rf8 43. Nd2 Bb5 44. Nf3 Rf4 45. Nxe5 Rxe4 46.
Rxg6+ Kh5 47. Re6 Bc4 1/2-1/2

[Event "BL 9091 München 36-Bamberg"]
[Site "?"]
[Date "1990.??.??"]
[Round "?.3"]
[White "Ramos, D."]
[Black "Espig, L."]
[Result "1/2-1/2"]
[WhiteElo "2330"]
[BlackElo "2505"]
[PlyCount "81"]
[EventDate "1990.??.??"]

1. d4 Nf6 2. Nf3 d6 3. Bf4 g6 4. Nbd2 Bg7 5. h3 O-O 6. e4 b6 7. Bd3 Bb7 8. O-O
c5 9. dxc5 bxc5 10. c3 Nc6 11. Nc4 Na5 12. Nxa5 Qxa5 13. Nd2 Ba6 14. Qe2 Bxd3
15. Qxd3 Rab8 16. Qe3 Qa6 17. b3 Nd7 18. Bg5 Rfe8 19. h4 Ne5 20. a4 Qd3 21.
Rab1 Qxe3 22. Bxe3 Ng4 23. Rfc1 Nxe3 24. fxe3 e6 25. b4 cxb4 26. cxb4 Rec8 27.
b5 Bc3 28. Rc2 Bxd2 29. Rxd2 Rc3 30. Kf2 Ra3 31. Rb4 Rb6 32. Rbd4 Kg7 33. Rc2
d5 34. Rc7 e5 35. Rxd5 Rxa4 36. Rxe5 Rf6+ 37. Ke2 Ra2+ 38. Kd3 Rff2 39. Ree7
Rab2 40. Rb7 Rfd2+ 41. Kc3 1/2-1/2

[Event "BL 9091 München 36-Bamberg"]
[Site "?"]
[Date "1990.??.??"]
[Round "?.4"]
[White "Gruenberg, HU."]
[Black "Schoeneberg, M."]
[Result "1-0"]
[WhiteElo "2500"]
[BlackElo "2295"]
[PlyCount "85"]
[EventDate "1990.??.??"]

1. d4 Nf6 2. c4 c5 3. d5 b5 4. Nf3 g6 5. cxb5 a6 6. e3 Bg7 7. Nc3 O-O 8. a4 d6
9. Be2 axb5 10. Bxb5 Na6 11. O-O Nb4 12. e4 Bg4 13. Rb1 Nd7 14. h3 Bxf3 15.
Qxf3 f5 16. Qe2 f4 17. Bxd7 Qxd7 18. f3 Be5 19. Bd2 Rfb8 20. Rfc1 Qa7 21. Kh2
Qa6 22. Qxa6 Rxa6 23. b3 Kf7 24. Nb5 Rxb5 25. axb5 Rb6 26. Bxb4 cxb4 27. Rc7
Rxb5 28. Ra7 Bd4 29. Ra4 Kf6 30. Rc1 Bc5 31. Ra8 Ke5 32. Rc4 Rb7 33. h4 h5 34.
Kh3 Kf6 35. g3 fxg3 36. Kxg3 e5 37. f4 exf4+ 38. Kxf4 Bg1 39. e5+ dxe5+ 40. Ke4
Bd4 41. Rc6+ Kf7 42. d6 Ke6 43. Rc7 1-0

[Event "BL 9091 München 36-Bamberg"]
[Site "?"]
[Date "1990.??.??"]
[Round "?.5"]
[White "Bezold, M."]
[Black "Enders, P."]
[Result "0-1"]
[WhiteElo "2335"]
[BlackElo "2495"]
[PlyCount "110"]
[EventDate "1990.??.??"]

1. Nf3 Nf6 2. b3 d5 3. Bb2 e6 4. e3 Be7 5. d4 O-O 6. Bd3 b6 7. O-O Ba6 8. c4
dxc4 9. bxc4 c5 10. Ne5 Bb7 11. Nd2 Nc6 12. Ndf3 Qc7 13. Qe2 Rad8 14. Rad1 Ba8
15. Ng5 cxd4 16. exd4 Nxd4 17. Qe3 Bc5 18. Qh3 h6 19. Rfe1 hxg5 20. Ng4 g6 21.
Nxf6+ Kg7 22. Ne4 Rh8 23. Qg3 Qxg3 24. hxg3 Bxe4 25. Rxe4 f6 26. Bxd4 Rxd4 27.
Rxd4 Bxd4 28. Be4 e5 29. g4 Rc8 30. Bd3 Kf7 31. g3 Ke6 32. Kg2 Rc5 33. Kf1 f5
34. f3 Ra5 35. Rd2 Ra3 36. gxf5+ gxf5 37. g4 fxg4 38. fxg4 Kd6 39. Be4 Kc5 40.
Bd3 Be3 41. Rd1 Rxa2 42. Rb1 a6 43. Be2 e4 44. Ke1 Bd4 45. Rb3 Ra1+ 46. Kd2 e3+
47. Kc2 Ra2+ 48. Kd1 Rd2+ 49. Ke1 Rb2 50. Rxb2 Bxb2 51. Kd1 a5 52. Kc2 Bd4 53.
Kb3 Kd6 54. Kc2 a4 55. Bd1 a3 0-1

[Event "BL 9091 München 36-Bamberg"]
[Site "?"]
[Date "1990.??.??"]
[Round "?.6"]
[White "Bastian, H."]
[Black "Hennings, A."]
[Result "1/2-1/2"]
[WhiteElo "2335"]
[BlackElo "2340"]
[PlyCount "99"]
[EventDate "1990.??.??"]

1. e4 e5 2. Nf3 Nc6 3. Bc4 Nf6 4. d3 Be7 5. Nc3 d6 6. Nd5 h6 7. c3 O-O 8. b4
Nxd5 9. Bxd5 Qe8 10. g4 Be6 11. g5 hxg5 12. Bxg5 Nd8 13. Rg1 Bxd5 14. exd5 e4
15. dxe4 Bxg5 16. Rxg5 f6 17. Rg3 Qxe4+ 18. Kf1 Nf7 19. Qd4 Ng5 20. Rd1 Qf5 21.
Nh4 Qh7 22. Qg4 Rae8 23. Kg2 Re4 24. f4 Rfe8 25. Rd2 g6 26. Nxg6 Qxg6 27. h4
Kg7 28. hxg5 f5 29. Qf3 R8e7 30. Rh3 Qe8 31. Rf2 Re3 32. Qd1 Rxh3 33. Kxh3 Re3+
34. Rf3 Qe4 35. Kg3 Kg6 36. Kf2 Rxf3+ 37. Qxf3 Qc2+ 38. Qe2 Qxc3 39. Qe8+ Kg7
40. Qe7+ Kg6 41. Qe6+ Kh5 42. Qe3 Qxb4 43. Qh3+ Kg6 44. Qh6+ Kf7 45. Qh7+ Ke8
46. Qg8+ Ke7 47. Qe6+ Kd8 48. g6 Qxf4+ 49. Ke2 Qh2+ 50. Kf3 1/2-1/2

[Event "BL 9091 München 36-Bamberg"]
[Site "?"]
[Date "1990.??.??"]
[Round "?.7"]
[White "Csulits, A."]
[Black "Roese, O."]
[Result "0-1"]
[WhiteElo "2320"]
[BlackElo "2385"]
[PlyCount "66"]
[EventDate "1990.??.??"]

1. d4 Nf6 2. Nf3 g6 3. g3 Bg7 4. Bg2 O-O 5. O-O d5 6. c4 Nc6 7. cxd5 Nxd5 8. e4
Nb6 9. d5 Na5 10. Nc3 c6 11. Bf4 cxd5 12. exd5 Bxc3 13. bxc3 Qxd5 14. Re1 Re8
15. Qc1 Nac4 16. a4 Qc5 17. Be5 Nd7 18. Bd4 Qh5 19. Re4 Nf8 20. Rh4 Qf5 21. Qh6
f6 22. Re1 Bd7 23. g4 Qd3 24. g5 Nd6 25. gxf6 exf6 26. Qf4 Nf5 27. Bf1 Rxe1 28.
Nxe1 Qd1 29. Bxf6 Qxe1 30. Rh3 Re8 31. Qc4+ Qe6 32. Bg5 Qxc4 33. Bxc4+ Be6 0-1

[Event "BL 9091 München 36-Bamberg"]
[Site "?"]
[Date "1990.??.??"]
[Round "?.8"]
[White "Goetz, R."]
[Black "Kestler, H."]
[Result "1/2-1/2"]
[WhiteElo "2350"]
[BlackElo "2360"]
[PlyCount "43"]
[EventDate "1990.??.??"]

1. e4 c5 2. Nf3 d6 3. d4 cxd4 4. Nxd4 Nf6 5. Nc3 Nc6 6. Be2 e6 7. O-O Be7 8.
Be3 O-O 9. f4 e5 10. Nxc6 bxc6 11. fxe5 dxe5 12. Kh1 Be6 13. Qxd8 Rfxd8 14. Bd3
c5 15. b3 Rdc8 16. Nb5 c4 17. bxc4 a6 18. Nc3 Bxc4 19. Na4 Bxd3 20. cxd3 Ng4
21. Bg1 Bd8 22. Rac1 1/2-1/2

[Event "BL 9091 Nürnberg-München 36"]
[Site "?"]
[Date "1990.??.??"]
[Round "?.1"]
[White "Smejkal, J."]
[Black "Jansa, V."]
[Result "1-0"]
[WhiteElo "2545"]
[BlackElo "2455"]
[PlyCount "73"]
[EventDate "1990.??.??"]

1. Nf3 g6 2. c4 Bg7 3. d4 Nf6 4. g3 O-O 5. Bg2 d6 6. O-O c6 7. Nc3 Bf5 8. Nh4
Bd7 9. e4 e5 10. Nf3 Re8 11. h3 Na6 12. Re1 exd4 13. Nxd4 Qb6 14. Nb3 Rad8 15.
Be3 Qc7 16. Qe2 Qc8 17. Qf1 c5 18. Rad1 Bc6 19. Bf4 Qc7 20. Qd3 Qb6 21. g4 Nb4
22. Qb1 h5 23. Bxd6 Na6 24. e5 Bxg2 25. Kxg2 Qc6+ 26. Kg1 Nh7 27. Nd5 Ng5 28.
Qd3 Nb4 29. Qf1 h4 30. Qg2 Qa4 31. Nxc5 Qxa2 32. Nxb4 Qxc4 33. Nxb7 Rc8 34. Nd5
Qb3 35. Ne3 Bxe5 36. Nc5 Qxb2 37. Nd3 1-0

[Event "BL 9091 Nürnberg-München 36"]
[Site "?"]
[Date "1990.??.??"]
[Round "?.2"]
[White "Pribyl, J."]
[Black "Ftacnik, L."]
[Result "1/2-1/2"]
[WhiteElo "2430"]
[BlackElo "2550"]
[PlyCount "123"]
[EventDate "1990.??.??"]

1. d4 Nf6 2. Nf3 d6 3. g3 g6 4. Bg2 Bg7 5. O-O O-O 6. Nc3 Nbd7 7. e4 e5 8. h3
Re8 9. dxe5 dxe5 10. Be3 c6 11. Nd2 Nb6 12. Qe2 Be6 13. Rfd1 Nfd7 14. a4 a5 15.
b3 Qe7 16. Nf3 f6 17. Ne1 f5 18. Qd2 f4 19. gxf4 exf4 20. Bxf4 Qb4 21. e5 Nxe5
22. Ne4 Nd5 23. Qxb4 axb4 24. Bd2 Nf7 25. Rac1 Bxh3 26. Bxh3 Rxe4 27. Bg2 Rg4
28. Nd3 Ne5 29. Kf1 Nxd3 30. Bxd5+ cxd5 31. cxd3 Rf8 32. Rc7 Bd4 33. Be1 Rgf4
34. Rd2 R4f7 35. Rdc2 Bc3 36. Rc5 d4 37. Rc4 Rd7 38. Re2 Rf3 39. Bd2 Kg7 40.
Bg5 Rxd3 41. Re7+ Rxe7 42. Bxe7 Rd1+ 43. Kg2 Rb1 44. Bxb4 Rxb3 45. Bc5 Kf7 46.
Bxd4 Ba5 47. Rc8 h5 48. Be3 Bc3 49. Rd8 Bf6 50. Ra8 g5 51. a5 g4 52. Ra7 Kg6
53. a6 bxa6 54. Rxa6 h4 55. Bd4 Rf3 56. Rb6 Rf4 57. Bb2 Rf5 58. Bc3 Kg5 59.
Bxf6+ Rxf6 60. Rb8 Rf5 61. Kg1 Re5 62. Rg8+ 1/2-1/2

[Event "BL 9091 Nürnberg-München 36"]
[Site "?"]
[Date "1990.??.??"]
[Round "?.3"]
[White "Espig, L."]
[Black "Seibold, H."]
[Result "1-0"]
[WhiteElo "2505"]
[BlackElo "2210"]
[PlyCount "137"]
[EventDate "1990.??.??"]

1. Nf3 c5 2. c4 Nf6 3. Nc3 g6 4. d4 cxd4 5. Nxd4 Bg7 6. e4 d6 7. Be2 O-O 8. O-O
Nc6 9. Be3 Bd7 10. Qd2 Nxd4 11. Bxd4 Bc6 12. f3 a5 13. Rfd1 Nd7 14. Bxg7 Kxg7
15. b3 Qb6+ 16. Kh1 Kg8 17. Rab1 Qb4 18. Qb2 a4 19. a3 Qb6 20. b4 Nf6 21. Rd2
Rfc8 22. Bf1 Bd7 23. Re1 Qd8 24. e5 dxe5 25. Rxe5 Qf8 26. Ne4 Bf5 27. Nxf6+
exf6 28. Re1 Rd8 29. c5 Rxd2 30. Qxd2 Be6 31. Qc3 Kg7 32. Bc4 Bxc4 33. Qxc4 Qd8
34. h3 Qc7 35. b5 Rd8 36. Rc1 Qg3 37. c6 bxc6 38. bxc6 Rd2 39. Rg1 Qc7 40. Qxa4
h5 41. Qc4 g5 42. a4 Rd6 43. Rc1 f5 44. Qc5 Rf6 45. Qd4 g4 46. f4 Kg6 47. Qe5
Rd6 48. h4 g3 49. Qc3 Kh7 50. Qxg3 Rxc6 51. Rxc6 Qxc6 52. Qg5 Qxa4 53. Qxh5+
Kg7 54. Qxf5 Qb4 55. Kh2 Qd2 56. Qg5+ Kh7 57. h5 Qd3 58. Qe5 Qf1 59. h6 Kxh6
60. Qf6+ Kh7 61. Qxf7+ Kh8 62. Qf6+ Kh7 63. Qg5 Qa6 64. f5 Qd6+ 65. Kh3 Qd3+
66. Kh4 Qf1 67. f6 Qc4+ 68. Qg4 Qc7 69. Qg7+ 1-0

[Event "BL 9091 Nürnberg-München 36"]
[Site "?"]
[Date "1990.??.??"]
[Round "?.4"]
[White "Huemmer, B."]
[Black "Gruenberg, HU."]
[Result "0-1"]
[WhiteElo "2265"]
[BlackElo "2500"]
[PlyCount "58"]
[EventDate "1990.??.??"]

1. d4 Nf6 2. Bg5 c6 3. Bxf6 gxf6 4. c3 d5 5. Nf3 Bf5 6. e3 Nd7 7. Nbd2 e6 8.
Be2 Qb6 9. Qb3 Bd6 10. O-O Rg8 11. Qxb6 axb6 12. Rfe1 Ke7 13. Bf1 Bg4 14. c4
dxc4 15. Bxc4 f5 16. a3 b5 17. Bf1 Nb6 18. Ne5 Bxe5 19. dxe5 Rad8 20. Nb3 Na4
21. Na5 Nxb2 22. Nxb7 Rd2 23. Nc5 Nd1 24. h3 Bh5 25. Nd3 Bf3 26. Kh1 Rxd3 27.
Bxd3 Nxf2+ 28. Kg1 Rxg2+ 29. Kf1 Nxh3 0-1

[Event "BL 9091 Bamberg-Bayern"]
[Site "?"]
[Date "1990.??.??"]
[Round "?.1"]
[White "Huebner, R."]
[Black "Unzicker, W."]
[Result "1/2-1/2"]
[WhiteElo "2585"]
[BlackElo "2480"]
[PlyCount "145"]
[EventDate "1990.??.??"]

1. d4 Nf6 2. c4 e6 3. Nc3 Bb4 4. Qc2 Nc6 5. Nf3 d6 6. Bd2 e5 7. a3 Bxc3 8. Bxc3
exd4 9. Nxd4 O-O 10. Nxc6 bxc6 11. g3 c5 12. Bg2 Rb8 13. b4 Nd7 14. Be4 h6 15.
O-O Bb7 16. Bh7+ Kh8 17. Bf5 Qe7 18. Rad1 f6 19. Rfe1 Rfe8 20. Qc1 Red8 21. Qf4
Qf7 22. Bd3 Qe6 23. f3 Bc6 24. Rb1 Re8 25. Bf5 Qe3+ 26. Qxe3 Rxe3 27. Bd2 Re7
28. Kf2 Ra8 29. Bxd7 Rxd7 30. bxc5 d5 31. cxd5 Rxd5 32. Bf4 Rc8 33. Rec1 g5 34.
Be3 Rcd8 35. Rc4 Kg7 36. h4 a6 37. hxg5 hxg5 38. Re4 Kf7 39. Rh1 R5d7 40. Rh7+
Kg6 41. Rxd7 Rxd7 42. Re8 Bb5 43. Rc8 Re7 44. g4 Kf7 45. Rd8 Rd7 46. Ra8 Re7
47. a4 Bxa4 48. Rxa6 Bb5 49. Ra2 Rd7 50. Bc1 Rd1 51. Bd2 Ke6 52. e4 Rb1 53. Rc2
Ba4 54. Ra2 Bb5 55. Be3 Bc4 56. Rc2 Bd3 57. Rd2 Rb3 58. Bd4 Bb5 59. Ra2 Rb4 60.
Be3 Rb3 61. Ra1 Rb2+ 62. Kg3 Rb3 63. Re1 Bd3 64. Bd2 Rb2 65. Bc3 Rb3 66. Bd4
Rb4 67. Ba1 Rb1 68. Re3 Rxa1 69. Rxd3 Rc1 70. Rd5 Rc2 71. Kh3 Rf2 72. Rf5 Rc2
73. Rd5 1/2-1/2

[Event "BL 9091 Bamberg-Bayern"]
[Site "?"]
[Date "1990.??.??"]
[Round "?.2"]
[White "Pfleger, He"]
[Black "Ribli, Z."]
[Result "1/2-1/2"]
[WhiteElo "2495"]
[BlackElo "2610"]
[PlyCount "82"]
[EventDate "1990.??.??"]

1. Nf3 g6 2. g3 Bg7 3. Bg2 c5 4. O-O Nc6 5. c4 e5 6. Nc3 Nge7 7. d3 O-O 8. Rb1
d6 9. a3 a5 10. Ne1 Be6 11. Nc2 d5 12. cxd5 Nxd5 13. Ne4 b6 14. Ng5 Bc8 15. Ne3
Nce7 16. Nxd5 Nxd5 17. Qb3 Bb7 18. Qc4 Qd7 19. Ne4 Ne7 20. Nc3 Bxg2 21. Kxg2 h6
22. b3 Rfd8 23. Bb2 Rac8 24. a4 Nc6 25. Rbd1 Qb7 26. Ne4 Kh7 27. f3 f5 28. Nd2
e4 29. Bxg7 exf3+ 30. Nxf3 Kxg7 31. Kg1 Nd4 32. Rde1 Rc7 33. Qc3 Kh7 34. e4
fxe4 35. dxe4 Re7 36. e5 Qd5 37. Nxd4 Qxd4+ 38. Qxd4 Rxd4 39. Rf6 c4 40. bxc4
Rxc4 41. Rxb6 Rxa4 1/2-1/2

[Event "BL 9091 Bamberg-Bayern"]
[Site "?"]
[Date "1990.??.??"]
[Round "?.3"]
[White "Kindermann, S."]
[Black "Womacka, M."]
[Result "0-1"]
[WhiteElo "2530"]
[BlackElo "2415"]
[PlyCount "80"]
[EventDate "1990.??.??"]

1. e4 c5 2. Nf3 d6 3. d4 cxd4 4. Nxd4 Nf6 5. Nc3 a6 6. g3 e5 7. Nde2 Nbd7 8.
Bg2 b5 9. h3 Bb7 10. O-O Be7 11. g4 Nc5 12. Ng3 O-O 13. f4 exf4 14. Bxf4 Ne6
15. Be3 Nd7 16. Nf5 Ne5 17. Nd5 Bxd5 18. exd5 Nc7 19. b3 Re8 20. Qd2 a5 21. Nd4
Qd7 22. Nc6 Bf6 23. g5 Nxc6 24. gxf6 Ne5 25. Bd4 b4 26. Qg5 Ng6 27. fxg7 Nb5
28. Bf6 Re2 29. Bf3 Rxc2 30. Be4 Qa7+ 31. Kh1 Rf2 32. Qg3 Rxf6 33. Rxf6 Qd4 34.
Raf1 Qxe4+ 35. Kh2 Ra7 36. Re1 Qxd5 37. Re8+ Kxg7 38. Rf2 Rc7 39. Qe3 Rc3 40.
Qe1 Nd4 0-1

[Event "BL 9091 Bamberg-Bayern"]
[Site "?"]
[Date "1990.??.??"]
[Round "?.4"]
[White "Ramos, D."]
[Black "Bischoff, K."]
[Result "1/2-1/2"]
[WhiteElo "2330"]
[BlackElo "2530"]
[PlyCount "50"]
[EventDate "1990.??.??"]

1. d4 Nf6 2. Nf3 e6 3. Bf4 b6 4. e3 Bb7 5. Bd3 Be7 6. h3 O-O 7. O-O c5 8. Nbd2
cxd4 9. exd4 d6 10. Re1 h6 11. Rc1 Nbd7 12. c4 Re8 13. Bh2 Bf8 14. Ne4 Nxe4 15.
Bxe4 Bxe4 16. Rxe4 Nf6 17. Re2 Qd7 18. Qd3 Rac8 19. Rec2 Qb7 20. Qb3 Nd7 21.
Bf4 Qe4 22. Qe3 Qb7 23. Qb3 Qe4 24. Qe3 Qb7 25. Qb3 Qe4 1/2-1/2

[Event "BL 9091 Bamberg-Bayern"]
[Site "?"]
[Date "1990.??.??"]
[Round "?.5"]
[White "Hertneck, G."]
[Black "Schoeneberg, M."]
[Result "1/2-1/2"]
[WhiteElo "2520"]
[BlackElo "2295"]
[PlyCount "41"]
[EventDate "1990.??.??"]

1. d4 Nf6 2. c4 c5 3. d5 b5 4. Nf3 g6 5. cxb5 a6 6. Nc3 axb5 7. d6 Bb7 8. e4
Nxe4 9. Nxb5 Qa5+ 10. Bd2 Nxd2 11. Nxd2 Na6 12. Qb3 Bh6 13. Nc3 Bxd2+ 14. Kxd2
Bc6 15. Bxa6 Rxa6 16. Qb8+ Qd8 17. Qxd8+ Kxd8 18. dxe7+ Kxe7 19. Rhe1+ Kf6 20.
Ne4+ Bxe4 21. Rxe4 1/2-1/2

[Event "BL 9091 Bamberg-Bayern"]
[Site "?"]
[Date "1990.??.??"]
[Round "?.6"]
[White "Bezold, M."]
[Black "Boensch, U."]
[Result "1/2-1/2"]
[WhiteElo "2335"]
[BlackElo "2510"]
[PlyCount "61"]
[EventDate "1990.??.??"]

1. d3 d5 2. Nf3 Nf6 3. Bg5 c6 4. Nbd2 Bg4 5. e4 Nbd7 6. Be2 Qc7 7. c3 e6 8. Bh4
Be7 9. Bg3 Qb6 10. Qc2 Nh5 11. a4 a5 12. Nd4 Bxe2 13. Nxe2 dxe4 14. dxe4 Qa6
15. Nb3 Nxg3 16. hxg3 e5 17. O-O h5 18. Rfd1 Nf6 19. c4 Qb6 20. Rd2 Bc5 21.
Nxc5 Qxc5 22. Rad1 O-O 23. Nc1 Rfe8 24. Nd3 Qd4 25. Nf4 Qxe4 26. Nxh5 Qxc2 27.
Nxf6+ gxf6 28. Rxc2 Rad8 29. Rcd2 Rxd2 30. Rxd2 Kf8 31. Rd7 1/2-1/2

[Event "BL 9091 Bamberg-Bayern"]
[Site "?"]
[Date "1990.??.??"]
[Round "?.7"]
[White "Hickl, J."]
[Black "Hennings, A."]
[Result "1-0"]
[WhiteElo "2480"]
[BlackElo "2340"]
[PlyCount "103"]
[EventDate "1990.??.??"]

1. g3 d5 2. Bg2 c6 3. Nf3 Bg4 4. b3 Nd7 5. Bb2 e6 6. d3 Ngf6 7. Nbd2 Bd6 8. O-O
O-O 9. c4 Qe7 10. a3 Rad8 11. b4 Bxf3 12. Nxf3 dxc4 13. dxc4 c5 14. Qb3 a6 15.
b5 axb5 16. Qxb5 Rb8 17. Rfd1 Rfd8 18. Rd3 Ne8 19. Rad1 f6 20. Qb3 Bc7 21. Bh3
Nf8 22. Qb5 Rxd3 23. exd3 b6 24. d4 Nd6 25. Qa4 Qe8 26. Qc2 Qh5 27. Bg2 Rc8 28.
Qb3 Nd7 29. Re1 Nf8 30. a4 Bd8 31. Ba3 Nb7 32. Qb5 Nd6 33. Qa6 Bc7 34. a5 Qe8
35. Nd2 bxa5 36. Bxc5 Qd8 37. Ne4 Nxe4 38. Bxe4 Rb8 39. Bxf8 Rb6 40. Qxa5 Rb1
41. Bxh7+ Kxf8 42. Qa3+ Bd6 43. Qe3 Rxe1+ 44. Qxe1 e5 45. Qe4 exd4 46. Qe6 g5
47. Qg8+ Ke7 48. Qg7+ Ke6 49. Bg8+ Ke5 50. Qf7 Kf5 51. Bh7+ Kg4 52. h3+ 1-0

[Event "BL 9091 Bamberg-Bayern"]
[Site "?"]
[Date "1990.??.??"]
[Round "?.8"]
[White "Csulits, A."]
[Black "Schlosser, P."]
[Result "1/2-1/2"]
[WhiteElo "2320"]
[BlackElo "2455"]
[PlyCount "128"]
[EventDate "1990.??.??"]

1. d4 Nf6 2. Nf3 e6 3. g3 c5 4. Bg2 cxd4 5. Nxd4 a6 6. O-O Qc7 7. Nd2 Be7 8. c4
O-O 9. b3 d6 10. Bb2 Bd7 11. Rc1 Nc6 12. Nc2 Rac8 13. e4 b5 14. Qe2 Qa5 15. a3
bxc4 16. b4 Qb5 17. Qxc4 Ne5 18. Qb3 Nd3 19. Rcd1 Qa4 20. Bxf6 Bxf6 21. Ne3
Qxb3 22. Nxb3 Rc3 23. Rb1 Ba4 24. Nc1 Ne5 25. Re1 Rxa3 26. f4 Rxe3 27. Rxe3 Nc4
28. Re2 Bd4+ 29. Kh1 Na3 30. Ra2 Nxb1 31. Rxa4 Rc8 32. Ne2 Nc3 33. Nxc3 Bxc3
34. Bf1 Rb8 35. Bxa6 Bxb4 36. Bb7 Bd2 37. Ra8 Rxa8 38. Bxa8 g5 39. fxg5 Bxg5
40. Kg2 Kg7 41. Kf3 Kf6 42. h4 Bd2 43. g4 h6 44. Bc6 Ke5 45. Be8 f6 46. Bd7 h5
47. gxh5 f5 48. exf5 Kxf5 49. Ke2 Bh6 50. Kd3 d5 51. Bc6 Bg7 52. Ke3 Ke5 53.
Ba4 Bh6+ 54. Kd3 Bf4 55. Bd1 Kf5 56. Bf3 Bg3 57. Bg2 Bxh4 58. Bh3+ Ke5 59. h6
Bf6 60. h7 Bh8 61. Bg4 Kf6 62. Bh3 Bg7 63. Bg4 e5 64. Bf3 Ke6 1/2-1/2

[Event "BL 9091 Frankfurt-HSK"]
[Site "?"]
[Date "1990.??.??"]
[Round "?.1"]
[White "Wahls, M."]
[Black "Khalifman, A."]
[Result "1/2-1/2"]
[WhiteElo "2525"]
[BlackElo "2615"]
[PlyCount "50"]
[EventDate "1990.??.??"]

1. e4 e6 2. d4 d5 3. Nd2 c5 4. exd5 exd5 5. Ngf3 Nf6 6. Be2 Nc6 7. O-O cxd4 8.
Nb3 Be7 9. Nfxd4 O-O 10. Bf4 Ne4 11. c3 Bf6 12. Bf3 Qb6 13. Nxc6 bxc6 14. Be3
Qc7 15. Bd4 Be7 16. Bxe4 dxe4 17. Bc5 Ba6 18. Re1 Rad8 19. Qc1 Bd3 20. Qe3 f5
21. Bxe7 Qxe7 22. f3 Rd5 23. fxe4 fxe4 24. Rad1 Qd6 25. Nc1 h6 1/2-1/2

[Event "BL 9091 Frankfurt-HSK"]
[Site "?"]
[Date "1990.??.??"]
[Round "?.2"]
[White "Lobron, E."]
[Black "Brunner, L."]
[Result "0-1"]
[WhiteElo "2535"]
[BlackElo "2475"]
[PlyCount "88"]
[EventDate "1990.??.??"]

1. d4 Nf6 2. c4 g6 3. Nc3 Bg7 4. e4 d6 5. Nf3 O-O 6. Be2 e5 7. O-O Nc6 8. d5
Ne7 9. Rb1 Nh5 10. Ne1 Nf4 11. Nd3 Nxe2+ 12. Qxe2 f5 13. f3 Kh8 14. c5 Ng8 15.
a4 Nf6 16. b3 Rf7 17. Ba3 a6 18. a5 g5 19. cxd6 cxd6 20. Na4 g4 21. Nb6 gxf3
22. gxf3 Rb8 23. Kh1 fxe4 24. fxe4 Bg4 25. Qg2 Bh5 26. Rbc1 Bg6 27. Rc4 Bf8 28.
Rfc1 Be7 29. Nf2 Qf8 30. Nh3 Qh6 31. Ng5 Rg7 32. Rc8+ Rxc8 33. Rxc8+ Ng8 34.
Bc1 Bxg5 35. Bxg5 Qxg5 36. Qxg5 Bxe4+ 37. Kg1 Rxg5+ 38. Kf2 Kg7 39. Rc7+ Kh6
40. Rxb7 Nf6 41. Nc4 Bxd5 42. Rb6 Rg6 43. Ne3 Be6 44. Rxa6 d5 0-1

[Event "BL 9091 Frankfurt-HSK"]
[Site "?"]
[Date "1990.??.??"]
[Round "?.3"]
[White "Maus, So"]
[Black "Gutman, L."]
[Result "1/2-1/2"]
[WhiteElo "2440"]
[BlackElo "2450"]
[PlyCount "101"]
[EventDate "1990.??.??"]

1. c4 Nf6 2. g3 d5 3. cxd5 Nxd5 4. Bg2 g6 5. Qa4+ c6 6. Qd4 f6 7. Nc3 e5 8. Qa4
Be6 9. Nf3 Nd7 10. O-O N7b6 11. Qc2 c5 12. d3 Be7 13. a3 O-O 14. Bh6 Rf7 15. e3
Bf8 16. Bxf8 Qxf8 17. d4 exd4 18. exd4 Nxc3 19. Qxc3 Rc8 20. Rfe1 Bd5 21. a4
cxd4 22. Qxd4 Rd7 23. Bh3 Rc4 24. Qd3 Rd8 25. a5 Bf7 26. Qe3 Nd5 27. Qe2 Qc5
28. Rad1 Rc2 29. Rd2 Rxd2 30. Qxd2 Qb4 31. Qxb4 Nxb4 32. Re7 Rd1+ 33. Re1 Rxe1+
34. Nxe1 Nc6 35. a6 bxa6 36. Bf1 a5 37. f4 Kf8 38. Kf2 Ke7 39. Ke3 Kd6 40. Nd3
Nb4 41. Nf2 f5 42. Kd4 a4 43. Kc3 a5 44. Nd3 Nc6 45. Be2 Bb3 46. Nc1 Kc5 47.
Nd3+ Kb6 48. Nc1 Bd5 49. Bd1 Kb5 50. Be2+ Kc5 51. Bd1 1/2-1/2

[Event "BL 9091 Frankfurt-HSK"]
[Site "?"]
[Date "1990.??.??"]
[Round "?.4"]
[White "Tischbierek, R."]
[Black "Wegner, H."]
[Result "1-0"]
[WhiteElo "2495"]
[BlackElo "2405"]
[PlyCount "59"]
[EventDate "1990.??.??"]

1. e4 e5 2. Nf3 Nc6 3. Bb5 a6 4. Ba4 Nf6 5. O-O Be7 6. Qe2 b5 7. Bb3 O-O 8. c3
d5 9. d3 Bb7 10. Re1 Re8 11. Nbd2 Bf8 12. a3 Na5 13. Ba2 c5 14. b4 Nc6 15. exd5
Nxd5 16. Ne4 cxb4 17. Nfg5 h6 18. Qf3 Qd7 19. Bxd5 Qxd5 20. Nf6+ gxf6 21. Qxd5
fxg5 22. axb4 Re7 23. Qa2 Rd7 24. Qe2 Rad8 25. h4 f6 26. hxg5 fxg5 27. Rd1 Bg7
28. Be3 Ne7 29. Bb6 Rc8 30. Qg4 1-0

[Event "BL 9091 Frankfurt-HSK"]
[Site "?"]
[Date "1990.??.??"]
[Round "?.5"]
[White "Michaelsen, N."]
[Black "Werner, D."]
[Result "1/2-1/2"]
[WhiteElo "2305"]
[BlackElo "2340"]
[PlyCount "61"]
[EventDate "1990.??.??"]

1. d4 Nf6 2. c4 d6 3. Nc3 Nbd7 4. e4 e5 5. Nf3 g6 6. Be2 Bg7 7. O-O O-O 8. Re1
c6 9. Bf1 h6 10. Rb1 Nh7 11. b4 Ng5 12. Nxg5 exd4 13. Ne2 hxg5 14. Nxd4 Re8 15.
Bb2 Ne5 16. Qd2 g4 17. Rbd1 Qh4 18. Bc1 Qh8 19. Qc2 Nd7 20. Ne2 Be5 21. Bf4 a5
22. a3 axb4 23. axb4 Nf6 24. c5 d5 25. Bxe5 Rxe5 26. Ng3 Nxe4 27. Rxe4 Rxe4 28.
Nxe4 Bf5 29. Bd3 dxe4 30. Bxe4 Ra1 31. Bxf5 1/2-1/2

[Event "BL 9091 Frankfurt-HSK"]
[Site "?"]
[Date "1990.??.??"]
[Round "?.6"]
[White "Kohlweyer, B."]
[Black "Reefschlaeger, H."]
[Result "0-1"]
[WhiteElo "2385"]
[BlackElo "2370"]
[PlyCount "96"]
[EventDate "1990.??.??"]

1. d4 d5 2. c4 Nc6 3. Nc3 e5 4. Nf3 exd4 5. Nxd4 dxc4 6. Nxc6 Qxd1+ 7. Nxd1
bxc6 8. e4 Be6 9. Ne3 Nf6 10. f3 Bb4+ 11. Bd2 Rb8 12. Bxb4 Rxb4 13. O-O-O Ke7
14. Rd2 c3 15. bxc3 Ra4 16. Be2 Nd7 17. Rhd1 Nc5 18. c4 Ra3 19. Nc2 Rxa2 20.
Nd4 Ra6 21. Rb2 g5 22. Kc2 Kf6 23. Kd2 Rd8 24. Ke3 Rd6 25. Kf2 Ra3 26. Rbd2 a5
27. h4 h6 28. hxg5+ hxg5 29. Rc2 a4 30. Nxe6 Kxe6 31. Rh1 Rb3 32. Ra2 Rd8 33.
Rha1 Rb4 34. Ke3 f5 35. exf5+ Kxf5 36. Rh1 Rb3+ 37. Kf2 a3 38. Rh6 Rd6 39. Rh8
Re6 40. Rd8 Kf6 41. Rdd2 g4 42. Bd1 g3+ 43. Kxg3 Ne4+ 44. Kf4 Nxd2 45. Bxb3
Nxb3 46. Rxa3 Nd4 47. Ra6 Re5 48. Ra4 Ne2+ 0-1

[Event "BL 9091 Frankfurt-HSK"]
[Site "?"]
[Date "1990.??.??"]
[Round "?.7"]
[White "Sievers, S."]
[Black "Heyken, E."]
[Result "1-0"]
[WhiteElo "2330"]
[BlackElo "2415"]
[PlyCount "57"]
[EventDate "1990.??.??"]

1. e4 e6 2. d4 d5 3. Nc3 Bb4 4. e5 c5 5. a3 Bxc3+ 6. bxc3 Ne7 7. Qg4 Qc7 8.
Qxg7 Rg8 9. Qxh7 cxd4 10. Ne2 Nbc6 11. f4 Bd7 12. Qd3 dxc3 13. Be3 d4 14. Nxd4
Nxd4 15. Qxd4 Nf5 16. Qc5 Qd8 17. Bf2 Rc8 18. Qxa7 Bc6 19. Rd1 Qe7 20. Rg1 Rd8
21. g3 Rxd1+ 22. Kxd1 f6 23. Qc5 Qd7+ 24. Bd3 Kf7 25. Kc1 Rc8 26. g4 Ba4 27.
Qb4 Ne7 28. f5 exf5 29. gxf5 1-0